LEADER 01268nam1 2200397 450 001 990000518070203316 011 $a0077-1449 035 $a0051807 035 $aUSA010051807 035 $a(ALEPH)000051807USA01 035 $a0051807 100 $a20010620d1984----km-y0itay0103----ba 101 $aita 102 $aIT 105 $a||||||||001yy 200 1 $a<> conventi cappuccini nell'inchiesta del 1650$fa cura di Mariano d'Alatri 210 $aRoma$cIstituto storico dei cappuccini$d1984-1987 215 $a3 v.$d26 cm 225 2 $aMonumenta historica Ordinis minorum Capuccinorum 300 $aTit. del dorso: I conventi cappuccini d'Italia 410 $12001$aMonumenta historica Ordinis minorum Capuccinorum 461 1$1001-------$12001 606 0 $aCappuccini$xPatrimonio$zSec. 17.$xFonti 676 $a333.322 702 1$aD'ALATRI,$bMariano 801 0$aIT$bsalbc$gISBD 912 $a990000518070203316 951 $aXIV 237$bLM$cXIV 959 $aBK 969 $aUMA 979 $aPATTY$b90$c20010620$lUSA01$h1429 979 $aPATTY$b90$c20010620$lUSA01$h1431 979 $c20020403$lUSA01$h1700 979 $aPATRY$b90$c20040406$lUSA01$h1636 996 $aConventi cappuccini nell'inchiesta del 1650$9886788 997 $aUNISA LEADER 01069nam0-2200349---450- 001 990009708530403321 005 20130404114305.0 010 $a978-88-6159-512-5 035 $a000970853 035 $aFED01000970853 035 $a(Aleph)000970853FED01 035 $a000970853 100 $a20130404d2011----km-y0itay50------ba 101 0 $aita 102 $aIT 105 $ay-------001yy 200 1 $aOperazione Gramsci$ealla conquista degli intellettuali nell'Italia del dopoguerra$fFrancesca Chiarotto$gcon un saggio di Angelo d'Orsi 210 $aMilano$cBruno Mondadori$d2011 215 $a233 p.$d21 cm 225 1 $aSintesi 300 $aComprende: L' infinita scoperta di Gramsci / Angelo d'Orsi 610 0 $aGramsci, Antonio 676 $a335.40922$v22$zita 700 1$aChiarotto,$bFrancesca$0329754 702 1$aD'Orsi,$bAngelo$f<1947- > 801 0$aIT$bUNINA$gREICAT$2UNIMARC 901 $aBK 912 $a990009708530403321 952 $aXIV H 291$b48804$fFSPBC 959 $aFSPBC 996 $aOperazione Gramsci$9844193 997 $aUNINA